Ninaivil Nalvar (Record no. 4270)
[ view plain ]
| 000 -LEADER | |
|---|---|
| fixed length control field | 00429nam a2200145Ia 4500 |
| 005 - DATE AND TIME OF LATEST TRANSACTION | |
| control field | 20250306010843.0 |
| 008 - FIXED-LENGTH DATA ELEMENTS--GENERAL INFORMATION | |
| fixed length control field | 240331s9999 xx 000 0 und d |
| 082 ## - DDC Classification | |
| Item Number - Author Mark | JAM |
| DDC Edition Number | 2021 |
| Class No. | 920 |
| 100 ## - MAIN ENTRY--PERSONAL NAME | |
| Personal name | Jameel, S. N. M |
| 245 #0 - TITLE STATEMENT | |
| Title | Ninaivil Nalvar |
| 260 ## - PUBLICATION, DISTRIBUTION, ETC. | |
| Place of publication, distribution, etc. | Kalmunai |
| Name of publisher, distributor, etc. | Islamic Book Publishing Centre |
| Date of publication, distribution, etc. | 1993 |
| 300 ## - PHYSICAL DESCRIPTION | |
| Extent (e.g. Volumes, Pages etc.) | 44 p., |
| 500 ## - GENERAL NOTE | |
| General note | A collection of articles about some great Muslim national heroes of Sri Lanka. |
| 942 ## - Koha item type (Biblio) | |
| Koha item type | Books in Stacks (Lending) |
| Lost status | Damaged status | Collection code | Home library | Current library | Shelving location | Date acquired | Full call number | Accession Number | Item type |
|---|---|---|---|---|---|---|---|---|---|
| Lending | WERC Library | WERC Library | Social Science Cupboard | 03/31/2024 | 920 JAM | 2021 | Books in Stacks (Lending) |
